| 000 | 01565nam a2200385Ia 4500 | ||
|---|---|---|---|
| 001 | ebr10326953 | ||
| 003 | CaPaEBR | ||
| 006 | m u | ||
| 007 | cr cn||||||||| | ||
| 008 | 960705s1996 enka sb 001 0 eng d | ||
| 010 | _z 96056568 | ||
| 020 | _z9780761951353 | ||
| 020 | _z0761951350 (pbk) | ||
| 020 | _z0761951342 (cased) | ||
| 040 |
_aCaPaEBR _cCaPaEBR |
||
| 035 | _a(OCoLC)464670698 | ||
| 050 | 1 | 4 |
_aJN30 _b.G68 1996eb |
| 245 | 0 | 0 |
_aGovernance in the European Union _h[electronic resource] / _cGary Marks, Fritz W. Scharpf, Philippe C. Schmitter and Wolfgang Streeck. |
| 260 |
_aLondon ; _aThousand Oaks, CA : _bSAGE, _c1996. |
||
| 300 |
_ax, 182 p. : _bill. |
||
| 504 | _aIncludes bibliographical references (p. [166]-176) and index. | ||
| 533 |
_aElectronic reproduction. _bPalo Alto, Calif. : _cebrary, _d2009. _nAvailable via World Wide Web. _nAccess may be limited to ebrary affiliated libraries. |
||
| 610 | 2 | 0 | _aEuropean Union. |
| 650 | 0 |
_aRegional planning _zEuropean Union countries. |
|
| 651 | 0 |
_aEuropean Union countries _xPolitics and government. |
|
| 651 | 0 |
_aEuropean Union countries _xSocial policy. |
|
| 651 | 0 |
_aEuropean Union countries _xEconomic policy. |
|
| 655 | 7 |
_aElectronic books. _2local |
|
| 700 | 1 |
_aMarks, Gary, _d1952- |
|
| 700 | 1 | _aScharpf, Fritz Wilhelm. | |
| 700 | 1 | _aSchmitter, Philippe C. | |
| 700 | 1 |
_aStreeck, Wolfgang, _d1946- |
|
| 710 | 2 | _aebrary, Inc. | |
| 856 | 4 | 0 |
_uhttp://site.ebrary.com/lib/rucke/Doc?id=10326953 _zAn electronic book accessible through the World Wide Web; click to view |
| 999 |
_c159755 _d159755 |
||